00421nam a2200157Ia 450000500170000001000130001702000260003003700260005610000220008224500580010425000120016226000330017430000270020794200120023499900170024620140911131445.0 aBAC-EN21 a9788126508778c709.00 bAsian Book Centre/Ven aSilbey, Robert J. aPhysical Chemistry /cby Robert J. Silbey ...[et..al] a4th ed. c2012aNew DelhibWiley India c23cm(pbk)a944p.:bill cEN2ddc c88067d88067